| 000 | 00800nam a2200229 a 4500 | ||
|---|---|---|---|
| 001 | 44634 | ||
| 003 | BD-RjUL | ||
| 005 | 20211209053907.0 | ||
| 008 | 721129r19661965nyu b 001 0 eng | ||
| 035 |
_aOCLC ocm00503163 from D971215M _a(BD-RjUL)44752 |
||
| 040 |
_aDLC _cWSU _dSER _dSLU _dEQO _dBD-RjUL _beng |
||
| 041 | _aeng | ||
| 082 |
_a341.13 _bBRI 1966 |
||
| 100 | 1 |
_aBriggs, Herbert W. _q(Herbert Whittaker), _d1900-1990 _9136918 |
|
| 245 | 1 | 4 |
_aThe International Law Commission / _cby Herbert W. Briggs. |
| 260 |
_aIthaca, N.Y. : _bCornell University Press, _cc1965 _c[printing1966] |
||
| 300 |
_axv, 380 p. ; _c24 cm. |
||
| 504 | _aIncludes bibliographical references and index. | ||
| 610 | 2 | 0 |
_aUnited Nations. _bInternational Law Commission. _9136919 |
| 942 |
_2ddc _cBK |
||
| 999 |
_c44634 _d44634 |
||